00941 a2200181 4500003000500000005001700005040000900022082001200031100003200043245008600075260002600161300001200187505037500199650003400574942001200608999001900620952012000639NUST20221124130638.0 cNust a530,CAR aCarter, Ernest Frank939741 aPhysics for everyone:b1001 physics questions and answers /c Ernest Frank Carter aLondon, Burkec[1950] a223 p.: aMatter (Page-9), Motion (Page-27) Light (Page-43), Heat (Page-59), Sound (Page-79), Pneumatic( Page-91), Hydraulics (Page-101), Electricity (Page-120), Magnetism (Page-130), Electricity ,Voltaic or Current (Page-143), Electricity, Voltaic or Current (Continued) (Page-162), Radio and Television (Page-176), Nuclear Physics (Page-196), Miscellaneous Questions (Page-201). aPhysics for everyone;9103497 2ddccBK c181520d181520 00102ddc4070aMCSbMCScGENd2016-12-12o530,CARpMCS6023r2016-12-08w2016-12-12yBKzAlmirah No.15, Shelf No.2